000 00537nam a22002057a 4500
999 _c7543
_d7543
003 Ost
005 20191111135008.0
008 191111b ||||| |||| 00| 0 eng d
020 _a9781590301005
040 _cBT-PhCST
050 _aD4105
082 _222
_a704.94609515
_bBEE
100 _aBeer, Robert.
245 _aThe handbook of Tibetan Buddhist symbols /
250 _a1st ed.
260 _aBoston :
_bShambhala,
_cc2003.
300 _a xiv, 262 p. :
_bill. ;
_c23 cm.
500 _aTibetan Buddhist symbols.
942 _2ddc
_cRE